Groups of Two - Science - Statistics

General Stats
  • This quiz has been taken 48,203 times
  • The average score is 21 of 40
Answer Stats
Group Answer % Correct
First two elements in the periodic table Hydrogen
96%
First two elements in the periodic table Helium
91%
Particles in an atomic nucleus Neutrons
83%
Particles in an atomic nucleus Protons
82%
Elements that are liquid at room temperature Mercury
81%
Biggest man-killing sharks Great White Shark
77%
Types of twins Identical
77%
Countries to suffer 9.0 earthquakes since 2000 Japan
74%
Egg-laying mammals Platypus
74%
Closest living relatives to humans (species) Chimpanzee
73%
Types of reproduction Sexual
68%
Types of reproduction Asexual
67%
Types of nuclear energy Fission
66%
Types of nuclear energy Fusion
66%
Types of trees Evergreen
61%
Nobel Prizes won by Marie Curie Chemistry
58%
Elements discovered by the Curies Radium
58%
Nobel Prizes won by Marie Curie Physics
57%
Types of twins Fraternal
54%
Types of trees Deciduous
52%
Bones of the lower arm Ulna
52%
Countries to suffer 9.0 earthquakes since 2000 Indonesia
50%
Bones of the lower arm Radius
49%
Biggest man-killing sharks Tiger Shark
47%
Two most abundant elements in the Earth's crust Oxygen
46%
Discoverers of the structure of DNA Francis Crick
43%
Inventors of calculus Isaac Newton
42%
Discoverers of the structure of DNA James Watson
42%
Species of camel Dromedary
39%
Einstein's theories of relativity {General} Relativity
36%
Egg-laying mammals Echidna
34%
Species of camel Bactrian
29%
Einstein's theories of relativity {Special} Relativity
29%
Moons of Mars Phobos
28%
Closest living relatives to humans (species) Bonobo
27%
Two most abundant elements in the Earth's crust Silicon
25%
Moons of Mars Deimos
24%
Elements discovered by the Curies Polonium
24%
Elements that are liquid at room temperature Bromine
22%
Inventors of calculus Gottfried Leibniz
16%
No matching quizzes found
Score Distribution
Percent of People with Each Score
Percentile by Number Answered
Your Score History
You have not taken this quiz